Top 10 Most Dangerous Countries - Statistics

General Stats
  • This quiz has been taken 101 times
  • The average score is 7 of 10
Answer Stats
Rank Answer % Correct
#2 Syria
86%
#1 Afghanistan
85%
#5 Iraq
81%
#6 Somalia
71%
#9 Democratic Republic of the Congo
67%
#4 Yemen
67%
#3 South Sudan
61%
#8 Libya
59%
#10 Russia
53%
#7 Central African Republic
48%
No matching quizzes found
Score Distribution
Percent of People with Each Score
Percentile by Number Answered
Your Score History
You have not taken this quiz